000 00283nam a2200133Ia 4500
100 _aLincoln
942 _cBK
654 _aDrawings
245 _aHow to read shop drawings
260 _bLincoln Electric & co
_aOhio
_c1973
082 _a604.24
300 _a187
546 _aENGLISH
999 _c18094
_d18094